Loading...

Indian National Bibliography Annual volume[1964] /

Bibliographic Details
Other Authors: Kalia, D. R. (Editor)
Format: Printed Book
Language:English
Published: Central reference lib., 1968.
LEADER 00373nam a2200109Ia 4500
008 150624b xxu||||| |||| 00| 0 eng d
245 |a Indian National Bibliography Annual volume[1964] / 
260 |b Central reference lib.,  |c 1968. 
700 |a Kalia, D. R.  |e editor. 
942 |c BK 
999 |c 7538  |d 7538 
952 |0 1  |1 0  |4 0  |7 0  |9 7537  |a UL  |b UL  |c ST1  |d 1998-09-01  |l 0  |p 12197  |r 2012-10-27  |w 2012-10-27  |y BK